000 00890nam a2200217Ia 4500
999 _c39238
_d39238
001 5824
003 GE_BSU
005 20190504231859.0
008 181216s1968||||ge |||||||||||||| ||geo||
040 _cGE_BSU
041 _ageo
080 _a62-59(075) ლ-46
100 _aლეჟავა, ბ.
_9715
245 _aავტომატური მუხრუჭები :
_bსახელმძღვ. /
_cბ. ლეჟავა, ვ. მარტოლეკი ; რედ. ზ. ჯიბლაძე.
264 _aთბილისი :
_bგანათლება,
_c1968.
300 _a322 გვ. :
_bილ. ;
_c22 სმ.
653 _aავტომატური მუხრუჭები
700 _aმარტოლეკი, ვ.
_eავტორი
_9716
700 _a ჯიბლაძე, ზ.
_eრედაქტორი
_9717
942 _cBK
_2udc